| 000 | 01511cam a2200373 a 4500 | ||
|---|---|---|---|
| 999 |
_c128051 _d128051 |
||
| 001 | 13458567 | ||
| 003 | ARRUPE | ||
| 005 | 20180828134626.0 | ||
| 008 | 040115s2003 stk d 000 0 eng d | ||
| 010 | _a 2004540303 | ||
| 020 | _a9782321006244 | ||
| 035 | _a(CStRLIN)NJRGA1833325-B | ||
| 035 | _a(NjR)a1833325 | ||
| 040 |
_aOrLoB _cOrLoB _dCStRLIN _dDLC |
||
| 042 | _alccopycat | ||
| 050 | 0 | 0 |
_aPC2640 _b.C69 |
| 245 | 0 | 0 | _ale Robert and Collins anglais maxi francais-anglais/anglais-francais |
| 246 | 1 | 4 | _aCollins Robert French dictionary |
| 246 | 1 | 3 | _aDictionnaire anglais-français, français-anglais |
| 246 | 1 | 3 | _a English-French, French-English Dictionary |
| 250 | _a17th ed. | ||
| 260 |
_aGlasgow : _bHarperCollins ; _aParis : _b Le Robert, _c2015 |
||
| 300 |
_axix, 929 p. ; _c24 cm. |
||
| 650 | 0 |
_aFrench language _vDictionaries _xEnglish. _941116 |
|
| 650 | 0 |
_aEnglish language _vDictionaries _xFrench. _941117 |
|
| 906 |
_a7 _bcbc _ccopycat _d2 _encip _f20 _gy-gencatlg |
||
| 942 |
_2lcc _cMONOGRAPH |
||